| 000 | 00917nam a22001577a 4500 | ||
|---|---|---|---|
| 003 | OSt | ||
| 005 | 20151106111918.0 | ||
| 008 | 151106b xxu||||| |||| 00| 0 eng d | ||
| 040 | _cRUA | ||
| 082 | _aFOR NGE 2002 B128 Or.1 | ||
| 100 |
_93443 _aNGEAP, CHHAY. |
||
| 245 | _aStudy on experiment of afzelia xylocapa and dipterocapus alatus growth by applying chemical and organic fertilizer nursery, faculty of forestry science (ការសិក្សាពិសោធន៏ពីដំណើរការលូតលាស់របស់ប្រភេទឈើបេងនិងឈើទាលទឹកដោយប្រើជីគីមីនិងជីធម្មជាតិនៅថ្នាលបណ្ដុះកូនឈើមហាវិទ្យាល័យវិទ្យាសាស្រ្តព្រៃឈើ) | ||
| 260 |
_aPhnom Penh _bRUA _c2002 |
||
| 300 |
_a67p. _bill. _c29cm. |
||
| 942 |
_2ddc _cFOR |
||
| 999 |
_c3213 _d3213 |
||